1884 1953 1960 1449 1609 1591 1161 1350 1451 1862 1802 1590 1055 1932 1274 1818 1788 1270 1852 1256 1372 1229 1991 1305 1824 1345 1434 1103 1227 1814 1599 1659 1403 1134 1648 1715 1238 1554 1524 1670 1026 1974 1950 1949 1112 1678 1395 1098 1266 1053 1623 1935 1712 1088 1348 1584 1773 1835 1636 1899 1546 1460 1913 1740 1791 1092 1560 1273 1517 1509 1120 1240 1651 1616 1858 1034 1090 1345 1052 1181 1877 1256 1302 1709 1892 1685 1311 1906 2000 1247 1035 1261 1777 1128 1690 1673 1584 1002 1459 BCNSPRNW ULIB Ver.6.0+V

เปลี่ยนเป็นภาษาไทย

Change to English
 แสดงรายละเอียดบรรณานุกรม
  กลับหน้าหลัก

Brief Record : Get Marc (ISO 2709) : E-mail record : QR code < ปิดหน้าต่าง
LEADER : 00000nam 2200000uu 4500
001    13399123098
003     ULIB
008    140122s2553||||th 000 0 tha d
020    ^a9789741114009
060 04 ^aW84.JT3^bส831ส ล.2
100 0  ^aสุพัตรา ศรีวณิชชากร
245 10 ^aสถานการณ์ ศักยภาพและความพร้อมของไตรภาคีในการพัฒนาระบบสุขภาพชุมชนในพื้นที่ 12 ตำบล /^cเอกสารวิชาการรวบรวมเรียบเรียงโดยสำนักงานวิจัยและพัฒนาระบบสุขภาพชุมชน ; คณะผู้วิจัย, นักวิจัยส่วนกลาง,สุพัตรา ศรีวณิชชากร ... [และคนอื่นๆ]
250    ^aพิมพ์ครั้งที่ 1
260    ^aนครปฐม :^bสำนักงานวิจัยและพัฒนาระบบสุขภาพชุมชนสถาบันพัฒนาสุขภาพอาเซียน มหาวิทยาลัยมหิดล,^c2553
300    ^a112 หน้า ;^c29 ซม.
440  0 ^aหนังสือในชุดรวมผลงานวิจัยของสำนักงานวิจัยและพัฒนาระบบสุขภาพชุมชน(สพช.) พ.ศ. 2550-2552 ;^vเล่มที่ 2
500    ^aผู้ร่วมวิจัย : เกษม เวชสุทธานนท์, วินัย ลีสมิทธิ์, ทัศนีย์ ญาณะ, สิรินาฏนิภาพร, พฤกษา บุกบุญ ; นักวิจัยพื้นที่ : ภัทระ แสนไชยสุริยา, รวีวรรณเผ่ากัณหา, อรอนงค์ ดิเรกบุษราคัม, พงค์เทพ สุธีรวุฒิ
500    ^aSend to Single Search
536    ^aสนับสนุนโดย สำนักงานวิจัยและพัฒนาระบบสุขภาพชุมชน
650  4 ^aระบบสุขภาพ^zไทย^vวิจัย
650  4 ^aสาธารณสุขมูลฐาน^vวิจัย
650  4 ^aวิจัย
700 0  ^aเกษม เวชสุทธานนท์
700 0  ^aวินัย ลีสมิทธิ์
700 0  ^aทัศนีย์ ญาณะ
700 0  ^aสิรินาฏ นิภาพร
700 0  ^aพฤกษา บุกบุญ
700 0  ^aภัทระ แสนไชยสุริยา
700 0  ^aรวีวรรณ เผ่ากัณหา
700 0  ^aอรอนงค์ ดิเรกบุษราคัม
700 0  ^aพงค์เทพ สุธีรวุฒิ
710 2  ^aสำนักงานวิจัยและพัฒนาระบบสุขภาพชุมชน
710 2  ^aมหาวิทยาลัยมหิดล. ^bสถาบันพัฒนาสุขภาพอาเซียน
945    ^p0^l0^i034368
999    ^aเกษร โพธิ์สุวรรณ
รายการนี้ยังไม่มีแท็ก
คุณยังไม่ได้ล็อกอิน คุณสามารถมีกิจกรรมร่วมกับเว็บไซต์ได้ แต่ต้องล็อกอินก่อน ::
  ล็อกอิน

รายการสื่อสารสนเทศ

ลำดับที่ ประเภท เลขเรียก/บาร์โค้ด สถานที่ สถานะ
1. วิทยาศาสตร์การแพทย์ และสุขภาพ
หนังสือสำรอง
สถานะ=หนังสือสำรอง
W84.JT3 ส831ส ล.2  
  Barcode: 034368
ห้องสมุดวิทยาเขตสวรรค์ประชารักษ์
►หนังสือทั่วไป
บนชั้น

รายการใกล้เคียง
    ผู้แต่ง [สุพัตรา ศรีวณิชชากร]

    หัวเรื่อง [วิจัย]

BibComment


ยังไม่เคยถูกคอมเมนท์

คอมเมนท์ทรัพยากรรายการนี้
  คอมเมนท์: สถานการณ์ ศักยภา..


 Copyright 2026. Bcnsprnw @Library